Indie Games by Pictures #6 - Statistics

General Stats
  • This quiz has been taken 291 times
  • The average score is 10 of 20
Answer Stats
Picture Answer % Correct
Among Us
100%
Poppy Playtime
83%
Deltarune
81%
Doki Doki Literature Club
80%
Granny
73%
Gang Beasts
66%
Octodad: Dadliest Catch
64%
Yandere Simulator
63%
Pizza Tower
61%
Kindergarten
57%
Firewatch
48%
The Forest
41%
Amnesia: The Dark Descent
37%
Whack Your Boss
37%
Ao Oni
29%
Fran Bow
29%
Game Dev Tycoon
24%
BattleBlock Theater
23%
West of Loathing
19%
Plug & Play
17%
No matching quizzes found
Score Distribution
Percent of People with Each Score
Percentile by Number Answered
Your Score History
You have not taken this quiz